| 000 | 00676nam a22002057a 4500 | ||
|---|---|---|---|
| 005 | 20251108170525.0 | ||
| 008 | 250721s2000 xx 000 0 ara d | ||
| 082 | 1 | 4 | _a658.402/كيل |
| 100 | 1 | _aالكيلاني، عثمان | |
| 245 | 1 | 0 | _aالمدخل إلى نظم المعلومات الإدارية / |
| 264 | 1 |
_aعمان : _bدار المناهج للنشر و التوزيع، _c2000. |
|
| 300 | _a345ص | ||
| 650 | 1 | 7 | _aنظم المعلومات الإدارية |
| 650 | 1 | 7 | _aالقرارات الإدارية |
| 650 | 1 | 7 | _aالإدارة |
| 700 | 1 | _aالبياتي، هلال | |
| 700 | 1 | _aالسالمي، علاء | |
| 942 |
_2ddc _cBK |
||
| 999 |
_c42603 _d42603 |
||